Food safety & hygiene : (Record no. 60171)
[ view plain ]
| 000 -LEADER | |
|---|---|
| fixed length control field | 01099nam a2200277 a 4500 |
| 001 - CONTROL NUMBER | |
| control field | 60171 |
| 003 - CONTROL NUMBER IDENTIFIER | |
| rucl marc code | BD-RjUL |
| 005 - DATE AND TIME OF LATEST TRANSACTION | |
| control field | 20211209080818.0 |
| 008 - FIXED-LENGTH DATA ELEMENTS--GENERAL INFORMATION | |
| fixed length control field | 161228s2008 bg ab b 100 0 eng |
| 020 ## - INTERNATIONAL STANDARD BOOK NUMBER | |
| International Standard Book Number | 9843000019334 |
| 035 ## - SYSTEM CONTROL NUMBER | |
| System control number | (BD-RjUL)60295 |
| 040 ## - CATALOGING SOURCE | |
| Original cataloging agency | DLC |
| Transcribing agency | DLC |
| Modifying agency | DLC |
| Language of cataloging | eng |
| 041 ## - LANGUAGE CODE | |
| Language code of text/sound track or separate title | eng |
| 082 ## - DEWEY DECIMAL CLASSIFICATION NUMBER | |
| Edition number | 23 |
| Classification number | 363.192 |
| Author mark and year | FOO 2008 |
| 111 2# - MAIN ENTRY--MEETING NAME | |
| Meeting name or jurisdiction name as entry element | International Conference on Microbiology, Food Safety, and Food Hygiene |
| Number of part/section/meeting | (3rd : |
| Date of meeting | 2008: |
| Location of meeting | University of Dhaka) |
| 9 (RLIN) | 179140 |
| 245 10 - TITLE STATEMENT | |
| Title | Food safety & hygiene : |
| Remainder of title | third Bangladesh-Japan Joint International Conference, Dhaka, Bangladesh, 24-25 March, 2008 : proceedings / |
| Statement of responsibility, etc. | Naiyyum Choudhury, Chowdhury Rafiqul Ahsan, Muhammad Manjurul Karim (eds.). |
| 246 3# - VARYING FORM OF TITLE | |
| Title proper/short title | Food safety and hygiene |
| 260 ## - PUBLICATION, DISTRIBUTION, ETC. (IMPRINT) | |
| Place of publication, distribution, etc. | Dhaka : |
| Name of publisher, distributor, etc. | Bangladesh Academy of Sciences, |
| Date of publication, distribution, etc. | 2008. |
| 300 ## - PHYSICAL DESCRIPTION | |
| Pagination | 182 p. : |
| Illustrations | ill., maps ; |
| Size | 25 cm. |
| 504 ## - BIBLIOGRAPHY, ETC. NOTE | |
| Bibliography, etc | Includes bibliographical references. |
| 650 ## - SUBJECT ADDED ENTRY--TOPICAL TERM | |
| Topical term or geographic name as entry element | Food handling. |
| 9 (RLIN) | 228537 |
| 700 1# - ADDED ENTRY--PERSONAL NAME | |
| Personal name | Choudhury, Naiyyum. |
| Personal name | Ahsan, Chowdhury Rafiqul. |
| Personal name | Karim, Muhammad Manjurul. |
| 942 ## - ADDED ENTRY ELEMENTS (KOHA) | |
| Source of classification or shelving scheme | Dewey Decimal Classification |
| Koha item type | Books |
| Lost status | Source of classification or shelving scheme | Damaged status | Not for loan | Collection code | Permanent Location | Current Location | Shelving location | Date acquired | Source of acquisition | Cost, normal purchase price | Total Checkouts | Full call number | Date last seen | Copy number | Koha item type |
|---|---|---|---|---|---|---|---|---|---|---|---|---|---|---|---|
| Dewey Decimal Classification | Not For Loan | Non-fiction | Central Library, University of Rajshahi | Central Library, University of Rajshahi | Reading Room | 31/05/2009 | dhaka, paragon Enterprice ltd. | 500.00 | 363.192 FOO 2008 | 28/12/2016 | C-1 | Books |